| Tag |
First Indicator |
Second Indicator |
Subfields |
| LEADER |
00000cam a2200000 i 4500 |
| 001 |
in00004585708 |
| 008 |
760218s1933 enkc 001 e eng d |
| 007 |
ta |
| 005 |
20220725191248.3 |
| 035 |
|
|
|a (OCoLC)ocm01998885
|
| 035 |
|
|
|a (OCoLC)ocm01998885
|
| 040 |
|
|
|a VRC
|b eng
|c VRC
|d NLGGC
|d DRB
|d OCLCG
|d AU@
|d DEBBG
|d OCLCQ
|d OCLCF
|d OCLCO
|d OCLCQ
|d UKDEL
|d EUN
|d OCLCQ
|d NLC
|d DHA
|d OCLCQ
|d GZM
|d OCLCO
|d OCL
|d CPO
|d OCLCQ
|d GDC
|d HUELT
|d OCLCO
|d CUY
|d OCLCQ
|d Q2U
|d U3G
|d OCLCO
|d OCL
|d OCLCO
|d OCLCQ
|d OCL
|
| 016 |
|
|
|a (AMICUS)000012850558
|
| 019 |
|
|
|a 265875466
|a 867876526
|a 976767823
|a 1007628327
|a 1087092653
|a 1087378628
|a 1170857310
|
| 024 |
8 |
|
|a D06001737X
|
| 035 |
|
|
|a (OCoLC)1998885
|z (OCoLC)265875466
|z (OCoLC)867876526
|z (OCoLC)976767823
|z (OCoLC)1007628327
|z (OCoLC)1087092653
|z (OCoLC)1087378628
|z (OCoLC)1170857310
|
| 050 |
|
4 |
|a CT105
|b .S771
|
| 055 |
0 |
1 |
|a CT105
|
| 082 |
0 |
4 |
|a 824.9
|
| 084 |
|
|
|a 18.05
|2 bcl
|
| 084 |
|
|
|a HM 4413
|2 rvk
|
| 084 |
|
|
|a HM 4411
|2 rvk
|
| 100 |
1 |
|
|a Strachey, Lytton,
|d 1880-1932.
|
| 245 |
1 |
0 |
|a Characters and commentaries /
|c by Lytton Strachey.
|
| 260 |
|
|
|a London :
|b Chatto & Windus,
|c 1933.
|
| 300 |
|
|
|a xi, 320 pages :
|b frontispiece (portrait) ;
|c 23 cm
|
| 336 |
|
|
|a text
|b txt
|2 rdacontent
|
| 337 |
|
|
|a unmediated
|b n
|2 rdamedia
|
| 338 |
|
|
|a volume
|b nc
|2 rdacarrier
|
| 500 |
|
|
|a Essays.
|
| 505 |
0 |
|
|a Part One. English Letter Writers. -- Part Two. Early Essays. -- Part Three. 1913-1918. -- Part Four. Later Essays.
|
| 520 |
|
|
|a This collection of essays critically examines works of literature from four different periods by authors such as Shakespeare, Walpole, and Lady Montagu.
|
| 650 |
|
0 |
|a Biography.
|
| 650 |
|
0 |
|a Literature.
|
| 650 |
|
0 |
|a Literature, Modern.
|
| 650 |
|
6 |
|a Biographies.
|
| 650 |
|
6 |
|a Littérature.
|
| 650 |
|
7 |
|a collective biographies.
|2 aat
|
| 650 |
|
7 |
|a Literature, Modern.
|2 fast
|0 (OCoLC)fst01000172
|
| 650 |
|
7 |
|a Biography.
|2 fast
|0 (OCoLC)fst00832149
|
| 650 |
|
7 |
|a Literature.
|2 fast
|0 (OCoLC)fst00999953
|
| 650 |
1 |
7 |
|a Letterkunde.
|2 gtt
|
| 650 |
1 |
7 |
|a Cultuur.
|2 gtt
|
| 655 |
|
0 |
|a Biography.
|
| 655 |
|
7 |
|a Biographies.
|2 fast
|0 (OCoLC)fst01919896
|
| 655 |
|
7 |
|a Literature.
|2 fast
|0 (OCoLC)fst01921716
|
| 655 |
|
7 |
|a Literature.
|2 lcgft
|
| 655 |
|
7 |
|a Littérature.
|2 rvmgf
|
| 776 |
0 |
8 |
|i Online version:
|a Strachey, Lytton, 1880-1932.
|t Characters and commentaries.
|d London : Chatto & Windus, 1933
|w (OCoLC)988224179
|
| 029 |
1 |
|
|a AU@
|b 000004180190
|
| 029 |
1 |
|
|a DEBBG
|b BV005197638
|
| 029 |
1 |
|
|a HEBIS
|b 210034777
|
| 029 |
1 |
|
|a NLC
|b 000012850558
|
| 029 |
1 |
|
|a NLNZL
|b 999769073502836
|
| 029 |
1 |
|
|a NZ1
|b 8420760
|
| 029 |
1 |
|
|a NZ1
|b 976907
|
| 029 |
1 |
|
|a UKDEL
|b 003224023
|
| 029 |
1 |
|
|a UNITY
|b 003224023
|
| 029 |
1 |
|
|a UNITY
|b 022713115
|
| 029 |
1 |
|
|a UNITY
|b 051064103
|
| 029 |
1 |
|
|a UNITY
|b 112866247
|
| 994 |
|
|
|a Z0
|b TXA
|
| 948 |
|
|
|h HELD BY TXA - 192 OTHER HOLDINGS
|
| 999 |
f |
f |
|s 168e844a-d6e1-46a3-9a43-4122f4aec066
|i 168e844a-d6e1-46a3-9a43-4122f4aec066
|t 0
|
| 952 |
f |
f |
|p noncirc
|a Texas A&M University
|b College Station
|c Cushing Memorial Library & Archives
|d Cushing: Literature/Mitchell (Does not check out)
|t 0
|e CT105 S771
|h Library of Congress classification
|i unmediated -- volume
|m A14852115873
|
| 998 |
f |
f |
|a CT105 S771
|t 0
|l Cushing: Literature/Mitchell (Does not check out)
|